000
00290nam a22001337a 4500
008
181016b xxu||||| |||| 00| 0 eng d
020
_a
9780077594671
041
_a
eng
080
_a
611
100
_a
6
101
_a
ANA
245
_a
Anatomy Physiology
_c
Saladin.K.S
942
_2
udc
_c
BK
999
_c
49909
_d
49909